000
00286nam a2200121Ia 4500
008
231129s9999||||xx |||||||||||||| ||spa||
040
_b
spa
082
_a
516.24 A985t
100
_a
Ayres Frank
245
0
_a
Trigonometria plana y esferica
264
_a
McGraw-Hill
942
_2
ddc
_c
BKS
999
_c
25696
_d
25696